Discover Belarus (Rekord nr 24092)
| 000 -ETYKIETA REKORDU | |
|---|---|
| podpole kontrolne o stałej długości | 00621nam a2200193 i 4500 |
| 001 - NUMER KONTROLNY REKORDU | |
| pole kontrolne | bg |
| 040 ## - ŹRÓDŁO KATALOGOWANIA | |
| Instytucja, która utworzyła rekord | BPK |
| 041 w# - KOD JĘZYKA | |
| Kod języka tekstu | poleng |
| 080 ## - UNIWERSALNA KLASYFIKACJA DZIESIĘTNA - UKD | |
| UKD | 379.85:913(476) |
| 008 - POLE O STAŁEJ DŁUGOŚCI - DANE KONTROLNE | |
| podpole kontrolne o stałej długości | s pl f |000 0 pol |
| 245 00 - TYTUŁ/ODPOWIEDZIALNOŚĆ | |
| Tytuł | Discover Belarus |
| Typ dokumentu | [Dokument elektroniczny] / |
| Pozostałe elementy strefy tytułu i oznaczenia odpowiedzialności | TOP-TOUR. |
| 260 ## - STREFA ADRESU WYDAWNICZEGO | |
| Miejsce wydania | Minsk : |
| Nazwa wydawcy/dystrybutora | Top-Tour, |
| Data publikacji, dystrybucji/powstania dokumentu | [2005]. |
| 300 ## - STREFA OPISU FIZYCZNEGO | |
| Objętość | 1 dysk optyczny (CD ROM) : |
| Inne cechy fizyczne | fot. kolor. ; |
| Rozmiary | 8 cm. |
| 500 ## - UWAGI OGÓLNE | |
| Tekst uwagi | Dane tekstowe, fotografie. |
| 500 ## - UWAGI OGÓLNE | |
| Tekst uwagi | Wymagania sprzętowe: IBM PC, Windows 98 lub nowsze, czytnik CD ROM, karta graficzna. |
| 651 #9 - HASŁO PRZEDMIOTOWE W FORMIE NAZWY GEOGRAFICZNEJ | |
| Nazwa geograficzna | Białoruś |
| Określnik ogólny | turystyka |
| 655 ## - TERMIN INDEKSOWY - OKREŚLENIE RODZAJU/FORMY DOKUMENTU | |
| Określenie rodzaju/formy dokumentu | Dokumenty elektroniczne |
| 856 ## - LOKALIZACJA I DOSTĘP DO ELEKTRONICZNYCH DOKUMENTÓW ZDALNYCH | |
| Link (URL) | http://koha.tu.koszalin.pl/cgi-bin/koha/opac-detail.pl?biblionumber=24092 |
| Tekst linku | Katalog online BPK |
| 942 ## - DODATKOWE ELEMENTY (KOHA) | |
| Typ dokumentu | Płyta CD |
| Wycofany | Status egzemplarza | Uszkodzony | Dostępność | Lokalizacja stała | Lokalizacja bieżąca | Miejsce przechowywania | Sygnatura | Kod kreskowy | Dział | Typ dokumentu |
|---|---|---|---|---|---|---|---|---|---|---|
| Tylko na miejscu | Biblioteka Politechniki Koszalińskiej | Biblioteka Politechniki Koszalińskiej | Czytelnia BG | CD 1427 | 02204932 | 0/9(0.034.2) Dokumenty elektroniczne | Płyta CD |
